Informe del estado de los ambientes marinos y costeros en Colombia / (Registro nro. 3941)

Detalles MARC
000 -CABECERA
Campo de control 01028cas a2200253 i 4500
005 - FECHA Y HORA DE LA ULTIMA TRANSACCION
Campo de control 20180515112243.0
008 - ELEMENTOS DE LONGITUD FIJA—INFORMACION GENERAL
Campo de control 020322m19992009ck ar p rnn 001 a0spa d
022 ## - ISSN
ISSN 1692-5025
040 ## - FUENTE DE CATALOGACIÓN
Agencia catalogadora original CO-BoPUJ
Agencia transcriptora CO-BoIAVH
Agencia Modificadora CO-BoIAVH
041 0# - IDIOMA
Código de idioma para texto/pista de sonido o título separado Español
044 ## - PAÍS DE PUBLICACIÓN
País de publicación Colombia
090 ## - CLASIFICACIÓN LOCAL
Colección SE
245 00 - MENCION DE TITULO
Título Informe del estado de los ambientes marinos y costeros en Colombia /
Mención de responsabilidad Instituto de investigaciones marinas y costeras.
260 ## - PUBLICACION, DISTRIBUCION, ETC. (PIE DE IMPRENTA)
Lugar de publicación, distribución, etc. Santa Marta :
Nombre del editor, distribuidor, etc. INVEMAR,
Fecha de publicación, distribución, etc. 1999.
300 ## - DESCRIPCION FISICA
Dimensiones 17 cm. :
Otros detalles físicos ilustraciones (algunas a color)
310 ## - FRECUENCIA ACTUAL DE LA PUBLICACIÓN
Frecuencia actual de la publicación Anual
650 14 - ASIENTO SECUNDARIO DE MATERIA - TERMINO TEMATICO
Término temático o nombre geográfico como elemento de entrada Medio ambiente acuático
Subdivisión geográfica Colombia
Subdivisión de forma Informes.
9 (RLIN) 91133
650 24 - ASIENTO SECUNDARIO DE MATERIA - TERMINO TEMATICO
Término temático o nombre geográfico como elemento de entrada Ecosistemas
Subdivisión geográfica Región caribe (Colombia)
9 (RLIN) 91134
650 24 - ASIENTO SECUNDARIO DE MATERIA - TERMINO TEMATICO
Término temático o nombre geográfico como elemento de entrada Ecosistemas marinos
Subdivisión geográfica Región caribe (Colombia)
9 (RLIN) 91135
650 24 - ASIENTO SECUNDARIO DE MATERIA - TERMINO TEMATICO
Término temático o nombre geográfico como elemento de entrada Conservación de los recursos marinos
Subdivisión geográfica Colombia
9 (RLIN) 91136
710 2# - ASIENTO SECUNDARIO - NOMBRE CORPORATIVO
Nombre corporativo o de jurisdicción como elemento de entrada Instituto de Investigaciones Marinas y Costeras - INVEMAR
9 (RLIN) 3449
856 40 - LOCALIZACION Y ACCESO ELECTRONICOS
Nota dirigida al público Para consultar el texto completo presione aquí
Identificador Uniforme del Recurso http://www.invemar.org.co/noticias.jsp?id=2764&idcat=153
942 ## - ELEMENTOS ADICIONALES (KOHA)
Sistema de clasificación Local
Tipo de ítem Periodica o revista
Existencias
Withdrawn status Lost status Sistema de Clasificación Damaged status No para préstamo Colección Fecha publicación (Año) Número revista Inventariado Ubicación Permanente Ubicación actual Fecha de adquisición Fuente de adquisición Precio Datos de publicación Seriada Total Checkouts Número topográfico Inventario / Código de Barras Date last seen Ejemplar Price effective from Forma de adquisición Tipo de material Public note
    Local     Hemeroteca 2001 3 Inventariado 2017 Bogotá Bogotá 30/06/2004 Instituto 39000.00 Número 3 (01/09/2001)   SE 003131 04/12/2012 Ej. 1 04/12/2012 Donación Periodica o revista Año 2000
    Local     Hemeroteca 2002 8 Inventariado 2017 Bogotá Bogotá 30/06/2004 Instituto 39000.00 Número 8 (01/10/2002)   SE 016181 04/12/2012 Ej. 1 04/12/2012 Donación Periodica o revista Año 2001
    Local     Hemeroteca 2009 8 Inventariado 2017 Bogotá Bogotá 01/02/2010 Instituto 39000.00 Número 8 (01/09/2009)   SE 027861 04/12/2012 Ej. 1 04/12/2012 Donación Periodica o revista Año 2008
    Local     Hemeroteca 2008 8   Bogotá Bogotá 22/09/2009   39000.00 Número 8 (01/11/2008)   SE 027593 25/03/2015 Ej. 1 25/03/2015 Donación Periodica o revista Año 2007
    Local     Hemeroteca 2003 8 Inventariado 2017 Bogotá Bogotá 31/01/2016 Instituto 39000.00 Número 8 (01/06/2003)   SE 025701 31/01/2016 Ej. 1 31/01/2016 Donación Periodica o revista Año 2002
    Local     Hemeroteca 2010 8   Bogotá Bogotá 15/05/2018   39000.00 Número 8 (01/08/2010)   SE 029835 15/05/2018 Ej. 1 15/05/2018 Donación Periodica o revista Año 2009
    Local     Hemeroteca 2012 8   Bogotá Bogotá 15/05/2018   39000.00 Número 8 (01/08/2012)   SE 029836 15/05/2018 Ej. 1 15/05/2018 Donación Periodica o revista Año 2011
    Local     General       Villa de Leyva Villa de Leyva 01/07/2004         LB-02345 016267 04/12/2012 V.3 Ej.1 04/12/2012   Periodica o revista